| 000 | 00513nam a2200157 i 4500 | ||
|---|---|---|---|
| 001 | 92287 | ||
| 003 | ES-MaACL | ||
| 005 | 20230906180933.0 | ||
| 007 | t| | ||
| 008 | 050224s1970 sp ||||1| spa d | ||
| 245 | 0 | 0 |
_aLicenciatura en Ciencias Biológicas _b: plan de estudios y programas de las asignaturas. |
| 260 |
_aMadrid : _bUniversidad-Facultad de Ciencias, _c1970. |
||
| 300 |
_a222 p. ; _c24 cm. |
||
| 710 | 2 |
_aUniversidad de Madrid. _bFacultad de Ciencias. _97210 |
|
| 852 |
_aES-MaACL _jC-41332 _bR.75700 |
||
| 999 |
_c92287 _d92287 |
||